Los Hombres y la historia: el Simón Rodríguez de Alfonso Rumazo González

Sábháilte in:
Sonraí bibleagrafaíochta
Formáid: Téacs
Foilsithe / Cruthaithe: Quito: BCE
Clibeanna: Cuir clib leis
Níl clibeanna ann, Bí ar an gcéad duine le clib a chur leis an taifead seo!

MARC

LEADER 00000 a a2200000 04500
001 24406
003
040 |a CRAI/IIS  |c CRAI/IIS 
090 |a 175000  
245 |a Los Hombres y la historia: el Simón Rodríguez de Alfonso Rumazo González  
260 |a Quito:   |b BCE  
300 |a pp. 271-275  
999 |c 2881  |d 2881